000 00493nam a22002057a 4500
999 _c9616
_d9616
003 OSt
005 20210904130412.0
008 210904b ||||| |||| 00| 0 eng d
020 _a978-9881566447
040 _aBMSCA
041 _aEng
082 _222
_a725.8
_bGAR
100 _aGarci, Santiago Gonzalez
245 _aCommunity centre design
250 _aSew edition
260 _bDesignMedia Publishing Limited
_c2013
300 _a224pp.
653 _aCommunity Centre
942 _2ddc